000 00495nam a2200181Ia 4500
003 LK-CoDNM
008 010623t1986 xxu||||| |||| 00| 1 sin d
040 _aLK-CoDNM
_dLK-CoDNM
_eLK-CoDNM
041 _asin
080 _a(x) Yapanaya
100 _aRev.Padumasiri, Delgalle
245 _aයාපනයේ මගේ අත්දැකීමි
246 _aYapanaye mage athdekim
260 _bVimukthi Dharma kendraya
_c1986
300 _b21, 20 cm
650 _aYapanaya
942 _cBK
999 _c113409
_d113409